书目信息 |
| 题名: |
爆炸!爆炸!
|
|
| 作者: | 吴晔 编选 | |
| 分册: | ||
| 出版信息: | 西安 华岳文艺出版社 1988.7 |
|
| 页数: | 540页 | |
| 开本: | 20厘米 | |
| 丛书名: | 八十年代中期报告文学大选 | |
| 单 册: | ||
| 中图分类: | I15 | |
| 科图分类: | ||
| 主题词: | 报告文学--作品集--世界 | |
| 电子资源: | ||
| ISBN: | 7-80549-070-8 | |
| 000 | 00694nam2 2200241 45 | |
| 001 | 0189020030 | |
| 005 | 20070728142640.95 | |
| 010 | @a7-80549-070-8@dCNY5.30 | |
| 020 | @aCN@b89020030 | |
| 100 | @a19910905d1988 m y0chiy0120 ea | |
| 101 | 0 | @achi |
| 102 | @aCN@b610000 | |
| 105 | @ay z 000zy | |
| 200 | 10 | @a爆炸!爆炸!@Abao zha ! bao zha !@f吴晔等编选@FWu Ye Deng Bian Xuan |
| 210 | @a西安@c华岳文艺出版社@d1988.7 | |
| 215 | @a540页@d20厘米 | |
| 225 | 2 | @a八十年代中期报告文学大选@i大事件卷 |
| 410 | 0 | @120010@a八十年代中期报告文学大选 |
| 606 | 0 | @a报告文学@x作品集@x世界 |
| 690 | @aI15@v3 | |
| 701 | 0 | @a吴晔@4编选 |
| 801 | 0 | @aCN@bNLC@c20070728 |
| 905 | @dI15@e174:5@f1@b238068 | |
| 爆炸!爆炸!/吴晔等编选.-西安:华岳文艺出版社,1988.7 |
| 540页;20厘米.-(八十年代中期报告文学大选.大事件卷) |
| ISBN 7-80549-070-8:CNY5.30 |
| ● |
| 相关链接 |
|
|
|
|
正题名:爆炸!爆炸!
索取号:I15/174:5
 
预约/预借
| 序号 | 登录号 | 条形码 | 馆藏地/架位号 | 状态 | 备注 |
| 1 | 0238068 | 002009374 | 第二借阅区/ [索取号:I15/174:5] | 在馆 | |
| 2 | 0238069 | 000085954 | 第二借阅区/ [索取号:I15/174:5] | 在馆 | |
| 3 | 0238070 | 000085963 | 第一样本阅览室/ [索取号:I15/174:5] | 在馆 | |
| 4 | 0786587 | 207865871 | 密集书库/ [索取号:I15/174:5] | 在馆 |